000 00300nam a2200145Ia 4500
100 _aBansal/Rashmi
942 _cBK
366 _f25
245 _aStay hungry stay foolish
260 _bIIM Ahmedabad
_c2008
082 _a658
_bBAN
300 _a325
546 _aENGLISH
_cproduction
999 _c33507
_d33507